[Event "Arber op 09th"]
[Site "Bodenmais"]
[Date "2022.07.31"]
[Round "2"]
[White "Ehmann, Thilo"]
[Black "Beulertz, Stefan"]
[Result "1-0"]
[WhiteElo "2391"]
[BlackElo "1964"]
[PlyCount "73"]
[EventDate "2022.07.30"]
[EventType "swiss"]
[EventRounds "9"]
[EventCountry "GER"]
[SourceTitle "CBM 209 Extra"]
[Source "ChessBase"]
[SourceDate "2022.09.30"]
[SourceVersion "1"]
[SourceVersionDate "2022.09.30"]
[SourceQuality "1"]

1. e4 e6 2. d4 d5 3. Nd2 h6 4. Ngf3 Nf6 5. e5 Nfd7 6. c4 c5 7. cxd5 exd5 8. Bd3 Be7 9. 0-0 Nc6 10. Re1 0-0 11. Nf1 Re8 12. a3 c4 13. Bc2 b5 14. b3 Nf8 15. bxc4 bxc4 16. Ne3 Be6 17. Nf5 Bxf5 18. Bxf5 Ne6 19. Be3 Bf8 20. g4 Rb8 21. Bc2 Qe7 22. Kh1 Rec8 23. g5 Nxg5 24. Nxg5 hxg5 25. Bf5 Rc7 26. Rg1 g6 27. Bxg5 Qe8 28. f4 Bg7 29. Bc2 Rb2 30. Rc1 Qc8 31. Qd2 Ne7 32. Qc3 Rb6 33. Bxe7 Rxe7 34. f5 gxf5 35. Qh3 Kf8 36. Bxf5 Qc6 37. Rxg7 1-0

[Event "Arco op 42nd"]
[Site "Arco"]
[Date "2020.10.17"]
[Round "8.25"]
[White "Necesito, Donald"]
[Black "Beulertz, Stefan"]
[Result "1/2-1/2"]
[WhiteElo "1779"]
[BlackElo "1994"]
[PlyCount "32"]
[EventDate "2020.10.10"]
[EventType "swiss"]
[EventRounds "9"]
[EventCountry "ITA"]
[SourceTitle "CBM 198 Extra"]
[Source "ChessBase"]
[SourceDate "2020.11.30"]
[SourceVersion "1"]
[SourceVersionDate "2020.11.30"]
[SourceQuality "1"]

1. e4 c5 2. Nf3 a6 3. d4 cxd4 4. Nxd4 Nf6 5. Bd3 e5 6. Nb3 d5 7. exd5 Qxd5 8. 0-0 Nc6 9. Nc3 Qd8 10. Bg5 Be7 11. Qe1 Be6 12. Rd1 Qc7 13. f4 h6 14. Bxf6 Bxf6 15. Bf5 Bxb3 16. axb3 Ne7 1/2-1/2

[Event "Arco op 42nd"]
[Site "Arco"]
[Date "2020.10.16"]
[Round "7.34"]
[White "Beulertz, Stefan"]
[Black "Bortolotti, Silvano"]
[Result "1-0"]
[WhiteElo "1994"]
[BlackElo "1702"]
[PlyCount "45"]
[EventDate "2020.10.10"]
[EventType "swiss"]
[EventRounds "9"]
[EventCountry "ITA"]
[SourceTitle "CBM 198 Extra"]
[Source "ChessBase"]
[SourceDate "2020.11.30"]
[SourceVersion "1"]
[SourceVersionDate "2020.11.30"]
[SourceQuality "1"]

1. e4 b6 2. Nf3 Bb7 3. d3 e6 4. g3 Be7 5. Bg2 c5 6. 0-0 d6 7. Qe2 Qc7 8. c3 Nf6 9. Re1 Nbd7 10. Nbd2 0-0 11. a4 a5 12. Nc4 e5 13. Nh4 Ne8 14. Nf5 Ndf6 15. h4 g6 16. Nxe7+ Qxe7 17. Nxb6 Rb8 18. Nc4 Bc8 19. Nxa5 Bd7 20. Nc4 Kh8 21. Bg5 Qe6 22. a5 Ng8 23. a6 1-0

[Event "GER-ch Net Amateur Gr-A Vor2"]
[Site "Playchess.com INT"]
[Date "2020.04.15"]
[Round "8"]
[White "Beulertz, Stefan"]
[Black "Gremmel, Jonas Simon"]
[Result "0-1"]
[WhiteElo "1657"]
[BlackElo "1845"]
[PlyCount "82"]
[EventDate "2020.04.15"]
[EventType "swiss (blitz)"]
[EventRounds "9"]
[EventCountry "GER"]
[SourceTitle "CBM 196 Extra"]
[Source "ChessBase"]
[SourceDate "2020.07.31"]
[SourceVersion "1"]
[SourceVersionDate "2020.07.31"]
[SourceQuality "1"]

1. e4 g6 2. Nc3 Bg7 3. f4 d6 4. Nf3 a6 5. d4 b5 6. Be2 Bb7 7. a3 Nd7 8. 0-0 c5 9. d5 Qc7 10. Be3 Ngf6 11. Kh1 0-0 12. Bd3 c4 13. Be2 Nc5 14. e5 dxe5 15. fxe5 Ng4 16. d6 Nxe3 17. dxc7 Nxd1 18. Raxd1 Rac8 19. Nd5 Bxd5 20. Rxd5 Rxc7 21. Rfd1 Na4 22. Rd7 Rxd7 23. Rxd7 Re8 24. b3 cxb3 25. cxb3 Nc5 26. Ra7 Rc8 27. Kg1 Ne4 28. Rxa6 Rc1+ 29. Bf1 Bh6 30. g3 Be3+ 31. Kg2 Rc2+ 32. Kh3 h5 33. e6 f6 34. Ra8+ Kg7 35. Re8 Bc5 36. Rc8 g5 37. b4 g4+ 38. Kh4 Rf2 39. bxc5 gxf3 40. Bh3 Rxh2 41. g4 f2 0-1

[Event "GER-ch Net Amateur Gr-A Vor2"]
[Site "Playchess.com INT"]
[Date "2020.04.15"]
[Round "4"]
[White "Ehrlich, Kay"]
[Black "Beulertz, Stefan"]
[Result "1-0"]
[WhiteElo "1825"]
[BlackElo "1628"]
[PlyCount "23"]
[EventDate "2020.04.15"]
[EventType "swiss (blitz)"]
[EventRounds "9"]
[EventCountry "GER"]
[SourceTitle "CBM 196 Extra"]
[Source "ChessBase"]
[SourceDate "2020.07.31"]
[SourceVersion "1"]
[SourceVersionDate "2020.07.31"]
[SourceQuality "1"]

1. e4 e6 2. d4 d5 3. Nd2 Nc6 4. Ngf3 Nf6 5. exd5 exd5 6. c3 Bg4 7. Be2 Qd7 8. 0-0 Bd6 9. h3 Bh5 10. Ne5 Nxe5 11. dxe5 Bxe2 12. Qxe2 1-0

[Event "GER-ch Net Amateur Gr-A Vor2"]
[Site "Playchess.com INT"]
[Date "2020.04.15"]
[Round "5"]
[White "Wehrle, Uwe"]
[Black "Beulertz, Stefan"]
[Result "0-1"]
[WhiteElo "1753"]
[BlackElo "1620"]
[PlyCount "140"]
[EventDate "2020.04.15"]
[EventType "swiss (blitz)"]
[EventRounds "9"]
[EventCountry "GER"]
[SourceTitle "CBM 196 Extra"]
[Source "ChessBase"]
[SourceDate "2020.07.31"]
[SourceVersion "1"]
[SourceVersionDate "2020.07.31"]
[SourceQuality "1"]

1. d4 e6 2. c4 Bb4+ 3. Bd2 a5 4. Nf3 Nf6 5. g3 0-0 6. Bg2 d6 7. 0-0 Bxd2 8. Nbxd2 Qe7 9. e4 e5 10. d5 Na6 11. Nb3 a4 12. Nc1 Nc5 13. Nd2 b6 14. Qc2 Bd7 15. Nd3 Nh5 16. Bf3 Qg5 17. Nxc5 bxc5 18. Bxh5 Qxh5 19. Qd1 Qh6 20. Qe2 Bh3 21. Rfe1 f5 22. a3 f4 23. f3 fxg3 24. hxg3 Qg5 25. Kf2 Bg4 26. Qe3 Qf6 27. Kg2 Bh5 28. Rh1 Bg6 29. Raf1 Rab8 30. Qc3 Qg5 31. Rf2 Rf7 32. Rh4 Rbf8 33. Nf1 Bh5 34. Nh2 Rf6 35. f4 exf4 36. Rhxf4 Rxf4 37. Rxf4 Rxf4 38. Qd2 Rg4 39. Qe1 h6 40. Nxg4 Bxg4 41. Qf2 h5 42. Kh2 Qf6 43. Qc2 g6 44. Qd2 Qf3 45. Kg1 Qd1+ 46. Qxd1 Bxd1 47. Kf2 Bb3 48. Ke3 Bxc4 49. Kf4 Bd3 50. e5 dxe5+ 51. Kxe5 Bf5 52. Kf6 c4 53. Ke7 Kg7 54. Kd8 Kf6 55. Kxc7 Ke5 56. d6 Ke4 57. d7 Bxd7 58. Kxd7 Kf3 59. Kc6 Kxg3 60. Kc5 h4 61. Kxc4 h3 62. Kb4 h2 63. Kxa4 h1Q 64. b4 Qd1+ 65. Ka5 Qd8+ 66. Ka4 Kf4 67. b5 g5 68. Kb4 g4 69. a4 g3 70. a5 g2 0-1

[Event "GER-ch Net Amateur Gr-A Vor1"]
[Site "Playchess.com INT"]
[Date "2020.04.14"]
[Round "1"]
[White "Richter, Philipp2"]
[Black "Beulertz, Stefan"]
[Result "1-0"]
[WhiteElo "2031"]
[BlackElo "1760"]
[PlyCount "87"]
[EventDate "2020.04.14"]
[EventType "swiss (blitz)"]
[EventRounds "9"]
[EventCountry "GER"]
[SourceTitle "EXT 2021"]
[Source "ChessBase"]
[SourceDate "2020.10.23"]
[SourceVersion "1"]
[SourceVersionDate "2020.10.23"]
[SourceQuality "1"]

1. d4 e6 2. c4 f5 3. g3 Nf6 4. Bg2 d6 5. Nf3 Be7 6. 0-0 0-0 7. b4 a5 8. b5 a4 9. Nc3 Ne4 10. Nxa4 c6 11. Nd2 d5 12. cxd5 exd5 13. bxc6 bxc6 14. e3 Qa5 15. Nb2 Ba6 16. Nb3 Qb6 17. Re1 Nc3 18. Qc2 Ne4 19. Na4 Qc7 20. Nac5 Nd7 21. Nxd7 Qxd7 22. f3 Nf6 23. Nc5 Bxc5 24. Qxc5 Bc4 25. a4 Qc7 26. a5 Rfb8 27. Bd2 Rb5 28. Qa3 Nd7 29. Reb1 Qb7 30. Qc1 Nb8 31. Rxb5 cxb5 32. Bb4 Na6 33. Qa3 Nxb4 34. Qxb4 Qd7 35. Bf1 Qe6 36. Ra3 Rc8 37. a6 Ra8 38. a7 Qd7 39. Qc5 Qe8 40. Bg2 Qd7 41. e4 fxe4 42. fxe4 Qf7 43. exd5 Qf6 44. d6 1-0

[Event "Arco op 41st"]
[Site "Arco"]
[Date "2019.10.11"]
[Round "8"]
[White "Hagner, Bennet"]
[Black "Beulertz, Stefan"]
[Result "0-1"]
[WhiteElo "1859"]
[BlackElo "2035"]
[PlyCount "66"]
[EventDate "2019.10.04"]
[EventType "swiss"]
[EventRounds "9"]
[EventCountry "ITA"]
[SourceTitle "EXT 2020"]
[Source "ChessBase"]
[SourceDate "2019.10.17"]
[SourceVersion "1"]
[SourceVersionDate "2019.10.17"]
[SourceQuality "1"]

1. e4 e6 2. d4 d5 3. Nc3 Nc6 4. e5 f6 5. Bb5 Bd7 6. Nf3 Bb4 7. 0-0 Qe7 8. Qe2 f5 9. a3 Bxc3 10. bxc3 h6 11. c4 a6 12. cxd5 axb5 13. dxc6 Bxc6 14. Bd2 g5 15. Bb4 Qf7 16. Nd2 Rd8 17. c4 bxc4 18. Qxc4 Qd7 19. Nb3 Ne7 20. Rfd1 Nd5 21. Na5 Bb5 22. Qc2 Ba4 23. Nb3 Nf4 24. f3 Kf7 25. Rd2 Qd5 26. Rb1 Rd7 27. Qc3 b6 28. g3 Nh3+ 29. Kg2 g4 30. Nc1 Ng5 31. Rd3 gxf3+ 32. Kf1 f2 33. Ke2 Qh1 0-1

[Event "Arco op 41st"]
[Site "Arco"]
[Date "2019.10.04"]
[Round "1"]
[White "Beulertz, Stefan"]
[Black "Kellner, Nikolaus"]
[Result "1-0"]
[WhiteElo "2035"]
[BlackElo "1659"]
[PlyCount "43"]
[EventDate "2019.10.04"]
[EventType "swiss"]
[EventRounds "9"]
[EventCountry "ITA"]
[SourceTitle "EXT 2020"]
[Source "ChessBase"]
[SourceDate "2019.10.17"]
[SourceVersion "1"]
[SourceVersionDate "2019.10.17"]
[SourceQuality "1"]

1. e4 d5 2. exd5 Nf6 3. Nf3 Bg4 4. d4 Qxd5 5. Be2 Nc6 6. c4 Qf5 7. Be3 0-0-0 8. Nbd2 Nb4 9. 0-0 Nc2 10. Rc1 Bxf3 11. Nxf3 Nxe3 12. fxe3 Qe4 13. Rc3 c5 14. Ne5 cxd4 15. Nxf7 Rd7 16. Rd3 Rg8 17. Rf4 Qe6 18. Ng5 Qe5 19. Nf3 Qc7 20. Rfxd4 Rxd4 21. Nxd4 e5 22. Ne6 1-0

[Event "Arber op 8th"]
[Site "Bodenmais"]
[Date "2019.08.03"]
[Round "8"]
[White "Brands, Kevin"]
[Black "Beulertz, Stefan"]
[Result "0-1"]
[WhiteElo "1799"]
[BlackElo "2033"]
[PlyCount "102"]
[EventDate "2019.07.27"]
[EventType "swiss"]
[EventRounds "9"]
[EventCountry "GER"]
[SourceTitle "CBM 191 Extra"]
[Source "ChessBase"]
[SourceDate "2019.09.30"]
[SourceVersion "1"]
[SourceVersionDate "2019.09.30"]
[SourceQuality "1"]

1. e4 c5 2. Nf3 e6 3. d4 cxd4 4. Nxd4 Qb6 5. Nb3 Qc7 6. Nc3 a6 7. Be2 Nf6 8. 0-0 Bb4 9. Bf3 Nc6 10. Be3 Ne5 11. Bd4 Nc4 12. Bxf6 gxf6 13. Qd4 Be7 14. Rfe1 Ne5 15. Bh5 b5 16. f4 Nc4 17. Rad1 Qa7 18. Rd3 Qxd4+ 19. Nxd4 Nxb2 20. Rd2 Bb7 21. Kh1 Rc8 22. Nd1 Nc4 23. Rde2 Rg8 24. Bf3 Kf8 25. Ne3 Kg7 26. Rd1 Nxe3 27. Rxe3 d6 28. e5 Bxf3 29. Nxf3 Rgd8 30. exd6 Rxd6 31. Nd4 Kf8 32. Red3 Rcd8 33. h3 e5 34. Nc6 Rxd3 35. cxd3 Rd5 36. Nxe7 Kxe7 37. Re1 Ke6 38. fxe5 fxe5 39. Re3 f5 40. g4 f4 41. Rf3 b4 42. Kg2 a5 43. a3 Rd4 44. axb4 axb4 45. Rf2 Rxd3 46. Rb2 b3 47. h4 Rc3 48. Kf1 Rc1+ 49. Ke2 Rc2+ 50. Rxc2 bxc2 51. Kd2 f3 0-1

[Event "Arber op 8th"]
[Site "Bodenmais"]
[Date "2019.08.01"]
[Round "6"]
[White "Malditz, Dieter"]
[Black "Beulertz, Stefan"]
[Result "0-1"]
[WhiteElo "1869"]
[BlackElo "2033"]
[PlyCount "82"]
[EventDate "2019.07.27"]
[EventType "swiss"]
[EventRounds "9"]
[EventCountry "GER"]
[SourceTitle "CBM 191 Extra"]
[Source "ChessBase"]
[SourceDate "2019.09.30"]
[SourceVersion "1"]
[SourceVersionDate "2019.09.30"]
[SourceQuality "1"]

1. d4 e6 2. c4 Bb4+ 3. Nd2 Nf6 4. a3 Be7 5. Ngf3 d5 6. e3 b6 7. Bd3 c5 8. 0-0 Bb7 9. b3 0-0 10. Bb2 Nbd7 11. Qe2 Ne4 12. Ne5 Nxe5 13. dxe5 Nxd2 14. Qxd2 dxc4 15. bxc4 Qc7 16. Qc2 g6 17. Be4 Bc6 18. Rad1 Rfd8 19. f4 Qb7 20. Bxc6 Qxc6 21. Bc3 a6 22. a4 Rab8 23. h4 Bxh4 24. Rd6 Qc7 25. a5 Be7 26. axb6 Qc8 27. Rfd1 f5 28. b7 Rxb7 29. Rxa6 Rbd7 30. Rxd7 Qxd7 31. Ba5 Rb8 32. Bb6 Rb7 33. Ra8+ Kg7 34. Ba5 Qc6 35. Bd8 Rd7 36. Bxe7 Qxa8 37. Bxc5 Qa1+ 38. Kh2 Rd1 39. Bd4 Rh1+ 40. Kg3 Qf1 41. c5 h5 0-1

[Event "Arber op 8th"]
[Site "Bodenmais"]
[Date "2019.07.28"]
[Round "2"]
[White "Sergeev, Vladimir"]
[Black "Beulertz, Stefan"]
[Result "1-0"]
[WhiteElo "2415"]
[BlackElo "2033"]
[PlyCount "83"]
[EventDate "2019.07.27"]
[EventType "swiss"]
[EventRounds "9"]
[EventCountry "GER"]
[SourceTitle "CBM 191 Extra"]
[Source "ChessBase"]
[SourceDate "2019.09.30"]
[SourceVersion "1"]
[SourceVersionDate "2019.09.30"]
[SourceQuality "1"]

1. g3 c5 2. Bg2 Nc6 3. e4 g6 4. d3 Bg7 5. Nc3 e5 6. Nh3 Nge7 7. 0-0 d6 8. f4 Nd4 9. Be3 0-0 10. g4 f6 11. f5 g5 12. Nf2 Bd7 13. Nd5 Be8 14. c3 Ndc6 15. a3 Bf7 16. b4 b6 17. Qd2 h6 18. h4 Nxd5 19. exd5 Nb8 20. Ne4 Be8 21. Rf2 Qe7 22. hxg5 fxg5 23. bxc5 bxc5 24. Rb1 Ba4 25. c4 Nd7 26. Qa5 Nb6 27. f6 Bxf6 28. Nxf6+ Rxf6 29. Rxf6 Qxf6 30. Rxb6 Bd1 31. Bxc5 Qd8 32. Ra6 dxc5 33. Qxd8+ Rxd8 34. Rxh6 Bxg4 35. Be4 Kf7 36. Ra6 Rd7 37. Rc6 Rb7 38. Rxc5 Rb2 39. Rc7+ Kf6 40. Rxa7 Bh3 41. Ra6+ Ke7 42. Rh6 1-0

[Event "Ruhrgebiet Verbandsklasse Gruppe 1 1819"]
[Site "Nordrheinwestfalen"]
[Date "2019.03.24"]
[Round "8.4"]
[White "Beulertz, Stefan"]
[Black "Brandhorst, Dieter"]
[Result "1/2-1/2"]
[WhiteElo "2017"]
[BlackElo "1893"]
[PlyCount "95"]
[EventDate "2018.09.23"]
[EventType "team-tourn"]
[EventRounds "9"]
[EventCountry "GER"]
[SourceTitle "EXT 2022"]
[Source "ChessBase"]
[SourceDate "2021.10.06"]
[SourceVersion "1"]
[SourceVersionDate "2021.10.06"]
[SourceQuality "1"]
[WhiteTeam "Werl SC 1981"]
[BlackTeam "Bergeborbeck Wacker"]
[WhiteTeamCountry "GER"]
[BlackTeamCountry "GER"]

1. e4 d5 2. exd5 Nf6 3. Nf3 Bg4 4. Be2 Qxd5 5. d4 Nc6 6. c4 Qf5 7. Be3 0-0-0 8. Nbd2 e5 9. d5 Bxf3 10. Bxf3 Nd4 11. Bxd4 exd4 12. 0-0 Bd6 13. Nb3 Be5 14. g3 d3 15. Nc5 d2 16. Ne4 h5 17. Nxd2 h4 18. Qb1 Qg5 19. Ne4 Qh6 20. Qc1 hxg3 21. Qxh6 gxh2+ 22. Qxh2 Bxh2+ 23. Kg2 Nxe4 24. Bxe4 Be5 25. f4 Bxb2 26. Rab1 Ba3 27. Rf3 Bd6 28. Bf5+ Kb8 29. Rh1 Rxh1 30. Kxh1 Re8 31. Rf2 g6 32. Bc2 a5 33. f5 g5 34. Kg2 g4 35. f6 Rh8 36. Bf5 g3 37. Re2 Rh4 38. c5 Rh2+ 39. Kf3 Rxe2 40. Kxe2 Bxc5 41. Kf3 Bd6 42. Be6 b5 43. Bxf7 a4 44. Be8 Ka7 45. Bxb5 a3 46. f7 Kb6 47. Bc4 Kc5 48. Bb3 1/2-1/2

[Event "Arco op 40th"]
[Site "Arco"]
[Date "2018.10.19"]
[Round "7"]
[White "De Eccher, Stefano"]
[Black "Beulertz, Stefan"]
[Result "1-0"]
[WhiteElo "2206"]
[BlackElo "2010"]
[PlyCount "43"]
[EventDate "2018.10.13"]
[EventType "swiss"]
[EventRounds "9"]
[EventCountry "ITA"]
[SourceTitle "CBM 186 Extra"]
[Source "ChessBase"]
[SourceDate "2018.08.24"]
[SourceVersion "1"]
[SourceVersionDate "2018.08.24"]
[SourceQuality "1"]

1. e4 e6 2. d4 d5 3. Nc3 Bb4 4. Nge2 Nc6 5. a3 Ba5 6. b4 Bb6 7. Bb2 Nf6 8. e5 Ng8 9. Na4 Nh6 10. Ng3 Qh4 11. Nxb6 cxb6 12. Bd3 Bd7 13. c3 Rc8 14. Bc1 Ne7 15. Bd2 Nef5 16. 0-0 0-0 17. Qf3 f6 18. Nxf5 Nxf5 19. Bxf5 fxe5 20. Qh3 Qf6 21. Qxh7+ Kf7 22. Qh5+ 1-0

[Event "Arber op 7th"]
[Site "Bodenmais"]
[Date "2018.07.31"]
[Round "4"]
[White "Beulertz, Stefan"]
[Black "Bensch, Patrick"]
[Result "0-1"]
[WhiteElo "1983"]
[BlackElo "2197"]
[PlyCount "88"]
[EventDate "2018.07.28"]
[EventType "swiss"]
[EventRounds "9"]
[EventCountry "GER"]
[SourceTitle "CBM 185 Extra"]
[Source "ChessBase"]
[SourceDate "2018.07.29"]
[SourceVersion "1"]
[SourceVersionDate "2018.07.29"]
[SourceQuality "1"]

1. b3 e5 2. Bb2 Nc6 3. c4 Nf6 4. e3 Bd6 5. a3 0-0 6. d3 Re8 7. Nd2 a5 8. Ngf3 Bf8 9. Be2 d5 10. cxd5 Nxd5 11. Qc2 f6 12. 0-0 Be6 13. Rac1 Bf7 14. Rfd1 Qe7 15. Bf1 Rac8 16. g3 Nd8 17. Nc4 Nc6 18. Ncd2 Nb6 19. Bh3 Rcd8 20. Bg2 Bd5 21. Nc4 e4 22. Nh4 exd3 23. Bxd5+ Nxd5 24. Rxd3 Qe4 25. Rd2 b5 26. Qxe4 Rxe4 27. f3 Rxh4 28. gxh4 bxc4 29. Rxc4 Nxe3 30. Rxd8 Nxc4 31. Rxf8+ Kxf8 32. bxc4 Ke7 33. c5 Ke6 34. Bc1 Kd5 35. Be3 a4 36. Kf2 Kc4 37. Ke2 Nd4+ 38. Bxd4 Kxd4 39. c6 Kc4 40. Kd2 Kb3 41. f4 Kxa3 42. Kc3 g6 43. h5 gxh5 44. h4 f5 0-1

[Event "Ruhrgebiet Bezirksliga 17/18"]
[Site "Ruhrgebiet"]
[Date "2018.01.28"]
[Round "6.3"]
[White "Beulertz, Stefan"]
[Black "Solberg, Kirsten"]
[Result "1-0"]
[WhiteElo "1948"]
[BlackElo "1878"]
[PlyCount "156"]
[EventDate "2017.09.03"]
[EventType "team-tourn"]
[EventRounds "9"]
[EventCountry "GER"]
[SourceTitle "EXT 2022"]
[Source "ChessBase"]
[SourceDate "2021.10.06"]
[SourceVersion "1"]
[SourceVersionDate "2021.10.06"]
[SourceQuality "1"]
[WhiteTeam "Werl Wickede SG"]
[BlackTeam "Unna SV"]
[WhiteTeamCountry "GER"]
[BlackTeamCountry "GER"]

1. e4 c5 2. Nf3 d6 3. c3 Nf6 4. h3 g6 5. Bd3 Bg7 6. 0-0 0-0 7. Bc2 b5 8. d4 Bb7 9. Qe2 Qc8 10. Bf4 d5 11. e5 Ne4 12. Nbd2 cxd4 13. Nxe4 dxe4 14. Bxe4 dxc3 15. Rac1 Bxe4 16. Qxe4 Qc6 17. Qxc6 Nxc6 18. Rxc3 Nb4 19. Rb3 Nd5 20. Bd2 a6 21. e6 fxe6 22. Re1 Rfc8 23. Rxe6 Bf6 24. Rd3 Kf7 25. Re4 e6 26. Ng5+ Bxg5 27. Bxg5 Rc6 28. Rf3+ Kg7 29. Rh4 h5 30. Re4 Ra7 31. g4 hxg4 32. Rxg4 Rac7 33. Rh4 Rc4 34. Bh6+ Kh7 35. Bf4+ Kg8 36. Bxc7 Rxh4 37. Bd6 Ra4 38. a3 Rc4 39. Rf8+ Kg7 40. Ra8 Rc6 41. Be5+ Kf7 42. Ra7+ Ke8 43. Kg2 Ne7 44. Kg3 Nf5+ 45. Kf4 Ne7 46. Kg5 Kf7 47. f4 Ke8 48. Kf6 Nd5+ 49. Kxg6 Nxf4+ 50. Bxf4 e5+ 51. Kg5 exf4 52. Kxf4 Rh6 53. Kg4 Rd6 54. h4 Kf8 55. h5 Kg8 56. b4 Rd4+ 57. Kf5 Rd5+ 58. Kf6 Rd6+ 59. Ke5 Rh6 60. Kd5 Kf8 61. Kc5 Ke8 62. Rb7 Kd8 63. Rb6 Rxh5+ 64. Kc6 Rh6+ 65. Kb7 Rh7+ 66. Kxa6 Rh3 67. Rxb5 Rxa3+ 68. Kb7 Rb3 69. Rd5+ Ke7 70. b5 Ke6 71. Rc5 Kd7 72. b6 Kd6 73. Rc2 Kd7 74. Rd2+ Ke6 75. Kc7 Rc3+ 76. Kb8 Rb3 77. b7 Ke7 78. Ra2 Kd7 1-0

[Event "Arco op-A 39th"]
[Site "Arco"]
[Date "2017.10.13"]
[Round "7"]
[White "Beulertz, Stefan"]
[Black "Lukacs, Anna Kata"]
[Result "1-0"]
[WhiteElo "1994"]
[BlackElo "1758"]
[PlyCount "63"]
[EventDate "2017.10.07"]
[EventType "swiss"]
[EventRounds "9"]
[EventCountry "ITA"]
[SourceTitle "CBM 181 Extra"]
[Source "ChessBase"]
[SourceDate "2017.12.12"]
[SourceVersion "1"]
[SourceVersionDate "2017.12.12"]
[SourceQuality "1"]

1. e4 e6 2. b3 d5 3. Bb2 dxe4 4. Nc3 Nf6 5. Qe2 Bb4 6. 0-0-0 Qe7 7. Kb1 Bxc3 8. Bxc3 0-0 9. g4 Qc5 10. Bg2 Nd5 11. Bxe4 Nxc3+ 12. dxc3 Qxc3 13. Rd3 Qb4 14. g5 g6 15. h4 Bd7 16. c3 Qb6 17. Rg3 Bc6 18. h5 Bxe4+ 19. Qxe4 Qc6 20. Qh4 gxh5 21. Ne2 e5 22. Re3 Qg6+ 23. Kb2 Nc6 24. Ng3 Rad8 25. Ne4 Kg7 26. Rf3 f5 27. gxf6+ Kh8 28. Rg3 Qf5 29. Rg5 Qf3 30. Rxh5 Qe2+ 31. Kc1 Kg8 32. Rxh7 1-0

[Event "Arber op 6th"]
[Site "Bodenmais"]
[Date "2017.08.02"]
[Round "5"]
[White "Beulertz, Stefan"]
[Black "Staudinger, Simon"]
[Result "0-1"]
[WhiteElo "2025"]
[BlackElo "1725"]
[PlyCount "94"]
[EventDate "2017.07.29"]
[EventType "swiss"]
[EventRounds "9"]
[EventCountry "GER"]
[SourceTitle "CBM 179 Extra"]
[Source "ChessBase"]
[SourceDate "2017.08.23"]
[SourceVersion "1"]
[SourceVersionDate "2017.08.23"]
[SourceQuality "1"]

1. e4 e5 2. Bc4 Nf6 3. d3 Nc6 4. Nf3 Bc5 5. c3 d6 6. 0-0 Be6 7. Bb5 a6 8. Bxc6+ bxc6 9. d4 exd4 10. cxd4 Bb6 11. Nc3 h6 12. Qe2 0-0 13. h3 Re8 14. Rd1 Bf5 15. e5 Nd5 16. Be3 Nxe3 17. fxe3 c5 18. d5 dxe5 19. e4 Bg6 20. Qc4 Qd6 21. Rac1 f5 22. Nh4 fxe4 23. Nxg6 Qxg6 24. Nxe4 Kh8 25. Kh1 Rad8 26. Rf1 Rf8 27. Rce1 Rf4 28. g3 Qxg3 29. Nxg3 Rxc4 30. Rxe5 Rc2 31. Rf7 Rxb2 32. Nh5 c4 33. Ree7 Bd4 34. Rxc7 Rxd5 35. Rf8+ Kh7 36. Rxc4 Rxh5 37. Rxd4 Rxh3+ 38. Kg1 Rc3 39. a4 Rc1+ 40. Rf1 Rxf1+ 41. Kxf1 Ra2 42. Kg1 h5 43. Kh1 g6 44. Kg1 Kh6 45. Kh1 Kg5 46. Rc4 h4 47. Rd4 Kh5 0-1